[Event "Ojinaga Perla del Desierto op"]
[Site "Ojinaga"]
[Date "2023.10.29"]
[Round "7"]
[White "Hernandez, Alexander"]
[Black "Galaviz Medina, Sion Radamantys"]
[Result "1/2-1/2"]
[WhiteElo "2100"]
[BlackElo "2454"]
[PlyCount "53"]
[EventDate "2023.10.26"]
[EventType "swiss"]
[EventRounds "7"]
[EventCountry "MEX"]
[SourceTitle "Mega2024 Update 01"]
[Source "Chessbase"]
[SourceDate "2023.11.12"]
[SourceVersion "1"]
[SourceVersionDate "2023.11.12"]
[SourceQuality "1"]

1. e4 c5 2. Nf3 d6 3. Bb5+ Nd7 4. c4 Ngf6 5. Nc3 g6 6. h3 Bg7 7. 0-0 0-0 8. d3 Nb6 9. Na4 Nbd7 10. Rb1 a6 11. Bxd7 Nxd7 12. Nc3 Rb8 13. Bg5 b5 14. Nd5 f6 15. Bd2 e6 16. Ne3 f5 17. Bc3 e5 18. b4 Bb7 19. Nd2 Qg5 20. Nd5 Bxd5 21. exd5 Rfc8 22. a3 Nb6 23. Qe2 Na4 24. Ba1 Re8 25. bxc5 Nxc5 26. Nb3 Nxb3 27. Rxb3 1/2-1/2

[Event "Ojinaga Perla del Desierto op"]
[Site "Ojinaga"]
[Date "2023.10.28"]
[Round "6"]
[White "Campero Medina, Mario Mauricio"]
[Black "Hernandez, Alexander"]
[Result "0-1"]
[WhiteElo "1587"]
[BlackElo "2100"]
[PlyCount "86"]
[EventDate "2023.10.26"]
[EventType "swiss"]
[EventRounds "7"]
[EventCountry "MEX"]
[SourceTitle "Mega2024 Update 01"]
[Source "Chessbase"]
[SourceDate "2023.11.12"]
[SourceVersion "1"]
[SourceVersionDate "2023.11.12"]
[SourceQuality "1"]

1. e4 c5 2. Nf3 d6 3. Bc4 Nf6 4. d3 a6 5. a4 Nc6 6. c3 e6 7. Bb3 Be7 8. Nbd2 0-0 9. Nc4 d5 10. e5 Ng4 11. Ncd2 Ngxe5 12. Nxe5 Nxe5 13. Nf3 Nxf3+ 14. Qxf3 d4 15. Bd2 Qb6 16. Qd1 Bf6 17. a5 Qc6 18. 0-0 b5 19. Qg4 Bb7 20. Bd1 Rad8 21. Bf3 Qd7 22. Bxb7 Qxb7 23. Qg3 Rd7 24. f4 dxc3 25. bxc3 Qd5 26. Rf3 b4 27. Qe1 c4 28. d4 bxc3 29. Bxc3 Bxd4+ 30. Bxd4 Qxd4+ 31. Kh1 Rc8 32. h3 c3 33. Rc1 c2 34. Rf1 Qd2 35. Kh2 Qxe1 36. Rfxe1 Rd2 37. Re3 Rd1 38. Rxc2 Rxc2 39. Rb3 g6 40. Rb8+ Kg7 41. Ra8 Rdd2 42. Rxa6 Rxg2+ 43. Kh1 Rgd2 0-1

[Event "Cancun Camara Cup 11th"]
[Site "Cancun"]
[Date "2023.10.15"]
[Round "8"]
[White "Hernandez, Alexander"]
[Black "Gonzalez Ochoa, Yoana"]
[Result "1/2-1/2"]
[WhiteElo "2100"]
[BlackElo "2102"]
[PlyCount "94"]
[EventDate "2023.10.11"]
[EventType "swiss"]
[EventRounds "9"]
[EventCountry "MEX"]
[SourceTitle "Mega2024 Update 01"]
[Source "Chessbase"]
[SourceDate "2023.11.12"]
[SourceVersion "1"]
[SourceVersionDate "2023.11.12"]
[SourceQuality "1"]

1. e4 e5 2. Nf3 Nc6 3. Bc4 Bc5 4. c3 Nf6 5. d3 d6 6. a4 a6 7. Na3 0-0 8. 0-0 Ba7 9. b4 Ne7 10. Re1 Ng6 11. h3 h6 12. d4 Qe7 13. Nc2 Be6 14. d5 Bd7 15. Bf1 Nh5 16. Be3 Bxe3 17. Nxe3 Ngf4 18. Kh2 Nf6 19. g3 Ng6 20. Nf5 Qe8 21. N3h4 Kh7 22. c4 a5 23. c5 Nxh4 24. Nxh4 axb4 25. cxd6 c5 26. dxc6 Bxc6 27. Qb1 Rxa4 28. Rxa4 Bxa4 29. Qxb4 Bc6 30. Nf5 Qd7 31. Ne7 Rd8 32. Nxc6 Qxc6 33. Rd1 g6 34. f3 Kg7 35. Bc4 Ne8 36. Bd5 Qa6 37. Bc4 Qa7 38. Kg2 Nf6 39. d7 b5 40. Bxb5 Qb6 41. Qc4 Qa7 42. Qd3 Qc5 43. Rd2 Kf8 44. Rc2 Qb4 45. h4 Ke7 46. Rc7 Qd6 47. Qc3 Nxd7 1/2-1/2

[Event "Titled Tuesday intern op 04th Oct Late"]
[Site "Chess.com INT"]
[Date "2022.10.04"]
[Round "2"]
[White "Pert, Richard G"]
[Black "Hernandez, Alexander"]
[Result "1-0"]
[WhiteElo "2412"]
[BlackElo "2131"]
[PlyCount "53"]
[EventDate "2022.10.04"]
[EventType "swiss (blitz)"]
[EventRounds "11"]
[EventCountry "USA"]
[SourceTitle "EXT 2023"]
[Source "ChessBase"]
[SourceDate "2022.10.05"]
[SourceVersion "1"]
[SourceVersionDate "2022.10.05"]
[SourceQuality "1"]

1. e4 c5 2. Nf3 d6 3. Bb5+ Bd7 4. Bxd7+ Qxd7 5. c4 Nc6 6. Nc3 g6 7. d4 cxd4 8. Nxd4 Bg7 9. Nde2 Nf6 10. 0-0 0-0 11. Bg5 e6 12. Qd2 Ne5 13. b3 Qc6 14. f3 Rfd8 15. Rad1 a6 16. Kh1 b5 17. Nd4 Qb7 18. cxb5 axb5 19. Ndxb5 d5 20. exd5 exd5 21. Rfe1 d4 22. Rxe5 dxc3 23. Qxd8+ Rxd8 24. Rxd8+ Bf8 25. Bh6 Nd7 26. Ree8 Qxb5 27. Rxf8+ 1-0

[Event "Titled Tuesday intern op 02nd Aug Early"]
[Site "Chess.com INT"]
[Date "2022.08.02"]
[Round "4"]
[White "Hernandez, Alexander"]
[Black "Derjabin, Ilja"]
[Result "0-1"]
[WhiteElo "2121"]
[BlackElo "2333"]
[PlyCount "80"]
[EventDate "2022.08.02"]
[EventType "swiss (blitz)"]
[EventRounds "11"]
[EventCountry "USA"]
[SourceTitle "EXT 2023"]
[Source "ChessBase"]
[SourceDate "2022.10.05"]
[SourceVersion "1"]
[SourceVersionDate "2022.10.05"]
[SourceQuality "1"]

1. e4 c5 2. Nf3 d6 3. d4 cxd4 4. Nxd4 Nf6 5. Nc3 a6 6. g3 e5 7. Nde2 Be7 8. Bg2 0-0 9. h3 b5 10. a3 Nc6 11. g4 b4 12. axb4 Nxb4 13. Nd5 Nfxd5 14. exd5 a5 15. 0-0 Ba6 16. Re1 Rc8 17. Nc3 f5 18. gxf5 Rxf5 19. Re4 Bb7 20. Rg4 Rf7 21. Be3 Kh8 22. h4 Bxh4 23. Rxa5 Bxf2+ 24. Bxf2 Qxa5 25. Rh4 Rxf2 26. Kxf2 Qc5+ 27. Kg3 Rf8 28. Qh5 h6 29. Qg6 Qe3+ 30. Kh2 Nxc2 31. Qxd6 Qf2 32. Rxh6+ Kg8 33. Qe6+ Qf7 34. Rg6 Nd4 35. Qxf7+ Rxf7 36. d6 Bxg2 37. Kxg2 Kf8 38. Nd5 Rb7 39. Re6 Rxb2+ 40. Kg3 Nxe6 0-1

[Event "Titled Tuesday intern op 21st Sept"]
[Site "Chess.com INT"]
[Date "2021.09.21"]
[Round "5"]
[White "Hernandez, Alexander"]
[Black "Ravi, Thandalam Shanmugam"]
[Result "0-1"]
[WhiteElo "2169"]
[BlackElo "2236"]
[PlyCount "80"]
[EventDate "2021.09.21"]
[EventType "swiss (blitz)"]
[EventRounds "9"]
[EventCountry "USA"]
[SourceTitle "EXT 2022"]
[Source "ChessBase"]
[SourceDate "2021.10.06"]
[SourceVersion "1"]
[SourceVersionDate "2021.10.06"]
[SourceQuality "1"]

1. e4 c5 2. Nf3 d6 3. d4 cxd4 4. Nxd4 Nf6 5. Nc3 g6 6. Be2 Bg7 7. 0-0 0-0 8. Re1 Nc6 9. Nb3 a6 10. Bf1 b5 11. Nd5 Bb7 12. Bg5 Nd7 13. c3 h6 14. Bh4 Nde5 15. Nd4 g5 16. Bg3 Rc8 17. h4 e6 18. Ne3 gxh4 19. Bh2 Qb6 20. f4 Ng6 21. Nxc6 Bxc6 22. Bd3 e5 23. fxe5 Nxe5 24. Kh1 Nxd3 25. Qxd3 Qc5 26. Bxd6 Rfd8 27. Nf5 Qc4 28. Qf3 Kh8 29. Nxg7 Kxg7 30. Be5+ Kh7 31. Qf5+ Kg8 32. Qf6 Kf8 33. Qxh6+ Ke8 34. Bf6 Rd3 35. Qxh4 Kd7 36. Rad1 Kc7 37. Qh2+ Kb7 38. Rxd3 Qxd3 39. Qh3 Bxe4 40. Qg3 Qxg3 0-1

[Event "Titled Tuesday intern op 21st Sept"]
[Site "Chess.com INT"]
[Date "2021.09.21"]
[Round "6"]
[White "Matveeva, Olga"]
[Black "Hernandez, Alexander"]
[Result "0-1"]
[WhiteElo "2145"]
[BlackElo "2169"]
[PlyCount "136"]
[EventDate "2021.09.21"]
[EventType "swiss (blitz)"]
[EventRounds "9"]
[EventCountry "USA"]
[SourceTitle "EXT 2022"]
[Source "ChessBase"]
[SourceDate "2021.10.06"]
[SourceVersion "1"]
[SourceVersionDate "2021.10.06"]
[SourceQuality "1"]

1. d4 Nf6 2. c4 e6 3. g3 Bb4+ 4. Bd2 c5 5. Nf3 0-0 6. Bg2 d6 7. 0-0 Bxd2 8. Qxd2 Nc6 9. Nc3 e5 10. dxe5 dxe5 11. Rfd1 Bg4 12. h3 Bxf3 13. Bxf3 Qxd2 14. Rxd2 Rac8 15. Rad1 b6 16. e3 Rfe8 17. Nb5 e4 18. Bg2 Re6 19. h4 h5 20. Rd6 Ne5 21. Nxa7 Ra8 22. Rd8+ Re8 23. Rxe8+ Nxe8 24. Nb5 Rxa2 25. Bxe4 Kf8 26. b3 Ke7 27. Kg2 g6 28. Nc3 Rb2 29. Nd5+ Ke6 30. Nxb6 Ng4 31. Bd5+ Ke7 32. Rf1 Nxe3+ 33. Kg1 Nxf1 34. Kxf1 Rxb3 35. Na4 Rb1+ 36. Ke2 Nc7 37. Nxc5 Nxd5 38. cxd5 Kd6 39. Ne4+ Ke5 40. Ng5 Rb2+ 41. Kf3 f6 42. Nh7 Rb7 43. Nf8 Rf7 44. Nxg6+ Kxd5 45. Nf4+ Ke5 46. Nxh5 Kf5 47. Nf4 Ra7 48. g4+ Ke5 49. Kg3 Ra3+ 50. f3 Ra4 51. Ng6+ Ke6 52. h5 Kf7 53. Nf4 Kg7 54. Nd3 Kh6 55. Nf2 Rb4 56. Ne4 Ra4 57. Nxf6 Rb4 58. Ne4 Ra4 59. Kf4 Rb4 60. Kf5 Rb5+ 61. Kf6 Rb6+ 62. Kf5 Rb5+ 63. Kf4 Rb4 64. Ke3 Rb3+ 65. Kd4 Rb4+ 66. Kc5 Rb3 67. f4 Rf3 68. f5 Rf4 0-1

[Event "Titled Tuesday intern op 14th Sept"]
[Site "Chess.com INT"]
[Date "2021.09.14"]
[Round "6"]
[White "Santos Flores, Alberto Javier"]
[Black "Hernandez, Alexander"]
[Result "1-0"]
[WhiteElo "2182"]
[BlackElo "2169"]
[PlyCount "63"]
[EventDate "2021.09.14"]
[EventType "swiss (blitz)"]
[EventRounds "11"]
[EventCountry "USA"]
[SourceTitle "EXT 2022"]
[Source "ChessBase"]
[SourceDate "2021.10.06"]
[SourceVersion "1"]
[SourceVersionDate "2021.10.06"]
[SourceQuality "1"]

1. e4 c5 2. Nf3 d6 3. d4 cxd4 4. Nxd4 Nf6 5. Nc3 a6 6. Be3 e5 7. Nb3 Be6 8. f3 Nbd7 9. g4 Nb6 10. g5 Nfd7 11. Qd2 Rc8 12. 0-0-0 Nc4 13. Bxc4 Rxc4 14. h4 b5 15. Kb1 Be7 16. Nd5 Bxd5 17. exd5 0-0 18. Na5 Nb6 19. Nxc4 Nxc4 20. Qf2 Qa5 21. Bc1 Rc8 22. b3 Na3+ 23. Bxa3 Qxa3 24. f4 Bd8 25. fxe5 dxe5 26. Rhf1 Rc7 27. Qb6 Rd7 28. Qc6 Rd6 29. Qc8 e4 30. Qb7 f6 31. h5 e3 32. g6 1-0

[Event "Titled Tuesday intern op 14th Sept"]
[Site "Chess.com INT"]
[Date "2021.09.14"]
[Round "9"]
[White "Tarasova, Viktoriya"]
[Black "Hernandez, Alexander"]
[Result "1-0"]
[WhiteElo "2226"]
[BlackElo "2169"]
[PlyCount "85"]
[EventDate "2021.09.14"]
[EventType "swiss (blitz)"]
[EventRounds "11"]
[EventCountry "USA"]
[SourceTitle "EXT 2022"]
[Source "ChessBase"]
[SourceDate "2021.10.06"]
[SourceVersion "1"]
[SourceVersionDate "2021.10.06"]
[SourceQuality "1"]

1. d4 Nf6 2. c4 e6 3. Nc3 Bb4 4. Nf3 c5 5. g3 0-0 6. Bg2 d5 7. cxd5 Nxd5 8. Bd2 Nc6 9. dxc5 Nxc3 10. bxc3 Bxc5 11. 0-0 e5 12. Qc2 h6 13. Rfd1 Qe7 14. e4 Be6 15. Rab1 Rfd8 16. h3 a6 17. Nh4 Rd7 18. Nf5 Qf6 19. Be3 Bxe3 20. Nxe3 Rad8 21. Nd5 Qg6 22. c4 b5 23. cxb5 Bxd5 24. bxc6 Bxc6 25. Rxd7 Rxd7 26. Rb6 Rd6 27. Rxa6 Kh7 28. a4 Qe6 29. Qc5 f6 30. Kh2 Qc8 31. Qxd6 Qxa6 32. a5 Qc4 33. Qc7 Qb5 34. h4 h5 35. f3 Bb7 36. Qb6 Qxb6 37. axb6 Kg6 38. Bh3 Kf7 39. Kg2 Ke7 40. Kf2 g6 41. g4 Kd6 42. gxh5 gxh5 43. Bf5 1-0

[Event "Titled Tuesday intern op 30th Mar"]
[Site "Chess.com INT"]
[Date "2021.03.30"]
[Round "11"]
[White "Bures, Vit"]
[Black "Hernandez, Alexander"]
[Result "0-1"]
[WhiteElo "2119"]
[BlackElo "2132"]
[PlyCount "46"]
[EventDate "2021.03.30"]
[EventType "swiss (blitz)"]
[EventRounds "11"]
[EventCountry "USA"]
[SourceTitle "CBM 201 Extra"]
[Source "ChessBase"]
[SourceDate "2021.05.31"]
[SourceVersion "1"]
[SourceVersionDate "2021.05.31"]
[SourceQuality "1"]

1. d4 Nf6 2. c4 e6 3. Nc3 Bb4 4. e3 c5 5. Nge2 d5 6. cxd5 exd5 7. Bd2 Nc6 8. a3 cxd4 9. Nxd4 Bd6 10. Bb5 Bd7 11. h3 0-0 12. 0-0 a6 13. Bd3 Ne5 14. Be2 Rc8 15. Rc1 Bb8 16. Na4 Ne4 17. Rxc8 Bxc8 18. Bb4 Re8 19. Nf3 Qc7 20. g3 Nxf3+ 21. Bxf3 Bxh3 22. Bg2 Bxg2 23. Kxg2 Nxg3 0-1

[Event "Titled Tuesday intern op 30th Mar"]
[Site "Chess.com INT"]
[Date "2021.03.30"]
[Round "10"]
[White "Hernandez, Alexander"]
[Black "Brizzi, Milagros Tatiana"]
[Result "0-1"]
[WhiteElo "2132"]
[BlackElo "2054"]
[PlyCount "82"]
[EventDate "2021.03.30"]
[EventType "swiss (blitz)"]
[EventRounds "11"]
[EventCountry "USA"]
[SourceTitle "CBM 201 Extra"]
[Source "ChessBase"]
[SourceDate "2021.05.31"]
[SourceVersion "1"]
[SourceVersionDate "2021.05.31"]
[SourceQuality "1"]

1. e4 c6 2. d4 d5 3. exd5 cxd5 4. Bd3 Nc6 5. c3 Qc7 6. Ne2 g6 7. Bf4 Qd8 8. Nd2 Nf6 9. h3 Bf5 10. Nf3 Bxd3 11. Qxd3 Bg7 12. 0-0 0-0 13. Ng3 Rc8 14. Rfe1 e6 15. Ne5 Nxe5 16. Bxe5 Nd7 17. Bxg7 Kxg7 18. a4 Nb6 19. b3 a5 20. Reb1 Qc7 21. Rc1 Rfd8 22. Rc2 Nd7 23. Rac1 Qb6 24. Qb5 Rc6 25. Ne2 Rdc8 26. c4 Qc7 27. c5 e5 28. dxe5 Qxe5 29. Qxb7 Nxc5 30. Qb5 d4 31. Ng3 d3 32. Rd2 Qf4 33. Rcd1 h5 34. Nf1 Ne4 35. Rxd3 Qxf2+ 36. Kh1 Rc1 37. Rd7 Rxd1 38. Rxd1 Rc2 39. Qe5+ Nf6 40. Ne3 Re2 41. Rf1 Qxf1+ 0-1

[Event "Titled Tuesday intern op 30th Mar"]
[Site "Chess.com INT"]
[Date "2021.03.30"]
[Round "2"]
[White "Hernandez, Alexander"]
[Black "Zhukov, Maksim"]
[Result "0-1"]
[WhiteElo "2132"]
[BlackElo "2090"]
[PlyCount "60"]
[EventDate "2021.03.30"]
[EventType "swiss (blitz)"]
[EventRounds "11"]
[EventCountry "USA"]
[SourceTitle "CBM 201 Extra"]
[Source "ChessBase"]
[SourceDate "2021.05.31"]
[SourceVersion "1"]
[SourceVersionDate "2021.05.31"]
[SourceQuality "1"]

1. e4 c5 2. Nf3 a6 3. d4 cxd4 4. Nxd4 Nf6 5. Nc3 e5 6. Nf3 Bb4 7. Nxe5 Qe7 8. Nd3 Qxe4+ 9. Qe2 Bxc3+ 10. bxc3 Qxe2+ 11. Bxe2 0-0 12. 0-0 Ne4 13. c4 Nc6 14. Bf3 f5 15. Re1 Re8 16. Nc5 Nd4 17. Bxe4 fxe4 18. Rxe4 Rxe4 19. Nxe4 Nxc2 20. Rb1 b5 21. cxb5 d5 22. Nd6 axb5 23. Rxb5 Nd4 24. Rc5 Be6 25. Be3 Ne2+ 26. Kf1 Rxa2 27. Rb5 h6 28. Rb1 d4 29. Bc1 d3 30. Bb2 Bb3 0-1

[Event "Titled Tuesday intern op 30th Mar"]
[Site "Chess.com INT"]
[Date "2021.03.30"]
[Round "3"]
[White "Marra, Eduardo da Costa"]
[Black "Hernandez, Alexander"]
[Result "1-0"]
[WhiteElo "2200"]
[BlackElo "2132"]
[PlyCount "105"]
[EventDate "2021.03.30"]
[EventType "swiss (blitz)"]
[EventRounds "11"]
[EventCountry "USA"]
[SourceTitle "CBM 201 Extra"]
[Source "ChessBase"]
[SourceDate "2021.05.31"]
[SourceVersion "1"]
[SourceVersionDate "2021.05.31"]
[SourceQuality "1"]

1. e4 c5 2. Nf3 d6 3. d4 cxd4 4. Nxd4 Nf6 5. Nc3 a6 6. Bc4 e6 7. Bb3 Nbd7 8. 0-0 Qc7 9. f4 b5 10. f5 Nc5 11. Qf3 b4 12. Nce2 Nxb3 13. Nxb3 e5 14. Bg5 Be7 15. c3 Bb7 16. Bxf6 Bxf6 17. Rfd1 0-0 18. Rac1 Qb6+ 19. Qf2 Bd8 20. Ng3 a5 21. c4 Qxf2+ 22. Kxf2 Bb6+ 23. Kf3 Rfd8 24. Nf1 a4 25. Na1 Bd4 26. Rd2 g6 27. g4 h5 28. h3 hxg4+ 29. hxg4 Kg7 30. Rb1 Rh8 31. Nc2 Rh3+ 32. Ng3 Bc5 33. a3 b3 34. Nb4 Rah8 35. Nd5 Rh2 36. Rbd1 Ba6 37. Ne3 Bxe3 38. Kxe3 Rxd2 39. Rxd2 Rh3 40. Kf3 Bxc4 41. Rxd6 Rh2 42. f6+ Kh7 43. Rc6 Be6 44. Ne2 Rh3+ 45. Kf2 Bxg4 46. Nc3 Rh2+ 47. Kg3 Rxb2 48. Kxg4 Rc2 49. Rc7 b2 50. Rxf7+ Kg8 51. Rb7 Rxc3 52. Rxb2 Kf7 53. Rb4 1-0

[Event "Titled Tuesday intern op 01st Sept"]
[Site "Chess.com INT"]
[Date "2020.09.01"]
[Round "1"]
[White "Shankovsky, Andriy"]
[Black "Hernandez, Alexander"]
[Result "1-0"]
[WhiteElo "2406"]
[BlackElo "2132"]
[PlyCount "77"]
[EventDate "2020.09.01"]
[EventType "swiss (blitz)"]
[EventRounds "10"]
[EventCountry "USA"]
[SourceTitle "CBM 198 Extra"]
[Source "ChessBase"]
[SourceDate "2020.11.30"]
[SourceVersion "1"]
[SourceVersionDate "2020.11.30"]
[SourceQuality "1"]

1. e4 c5 2. Nf3 d6 3. d4 cxd4 4. Nxd4 Nf6 5. f3 a6 6. c4 e5 7. Nc2 Be6 8. Be3 Nbd7 9. Nc3 Be7 10. Be2 0-0 11. 0-0 Rc8 12. Qd2 Qc7 13. Na3 Rfe8 14. Rac1 Qb8 15. Rfd1 Bf8 16. Bf1 g6 17. Nd5 Bxd5 18. cxd5 Rxc1 19. Rxc1 Rc8 20. Nc4 Ne8 21. Na5 f5 22. exf5 gxf5 23. Bd3 Ng7 24. Rxc8 Qxc8 25. Qc2 Qxc2 26. Bxc2 b6 27. Nc6 a5 28. Kf1 Kf7 29. Ke2 Be7 30. Bh6 Bf6 31. Bxg7 Bxg7 32. Bxf5 Nc5 33. Bxh7 Na4 34. Bd3 Nxb2 35. Bb5 Bh6 36. g3 a4 37. Nb8 a3 38. Nd7 Ke7 39. Nxb6 1-0

[Event "Titled Tuesday intern op 11th Aug"]
[Site "Chess.com INT"]
[Date "2020.08.11"]
[Round "9"]
[White "Garcia Blanco, Omar"]
[Black "Hernandez, Alexander"]
[Result "1-0"]
[WhiteElo "2359"]
[BlackElo "2132"]
[PlyCount "89"]
[EventDate "2020.08.11"]
[EventType "swiss (blitz)"]
[EventRounds "10"]
[EventCountry "USA"]
[SourceTitle "CBM 197 Extra"]
[Source "ChessBase"]
[SourceDate "2020.09.30"]
[SourceVersion "1"]
[SourceVersionDate "2020.09.30"]
[SourceQuality "1"]

1. e4 c5 2. c3 d6 3. d4 cxd4 4. cxd4 g6 5. Nc3 Bg7 6. h3 Nc6 7. Nf3 Nf6 8. d5 Ne5 9. Nxe5 dxe5 10. Bb5+ Bd7 11. Bd3 0-0 12. 0-0 Ne8 13. Be3 Nd6 14. Rc1 a6 15. Na4 Bb5 16. Nb6 Rb8 17. a4 Be8 18. b3 f5 19. f3 f4 20. Bf2 g5 21. Nc4 b5 22. Nxd6 exd6 23. axb5 axb5 24. Qc2 Rf7 25. Qa2 Rc7 26. Rc2 Rbc8 27. Rfc1 Rxc2 28. Rxc2 Rxc2 29. Qxc2 Bf6 30. b4 Qb8 31. Qa2 Bd8 32. Qa6 Bd7 33. Kh2 Kf7 34. Ba7 Qa8 35. Qxd6 Qxa7 36. Qxe5 Bf6 37. Qd6 Be7 38. Qh6 Bxb4 39. Qxh7+ Ke8 40. e5 Be1 41. Qg8+ Ke7 42. Qxg5+ Ke8 43. Bg6+ Kf8 44. Qf6+ Kg8 45. Qf7+ 1-0

[Event "Titled Tuesday intern op 11th Aug"]
[Site "Chess.com INT"]
[Date "2020.08.11"]
[Round "5"]
[White "Mahajan, Rushaan"]
[Black "Hernandez, Alexander"]
[Result "0-1"]
[WhiteElo "2151"]
[BlackElo "2132"]
[PlyCount "140"]
[EventDate "2020.08.11"]
[EventType "swiss (blitz)"]
[EventRounds "10"]
[EventCountry "USA"]
[SourceTitle "CBM 197 Extra"]
[Source "ChessBase"]
[SourceDate "2020.09.30"]
[SourceVersion "1"]
[SourceVersionDate "2020.09.30"]
[SourceQuality "1"]

1. d4 Nf6 2. Nf3 e6 3. Bg5 d5 4. e3 Be7 5. Nbd2 Nbd7 6. Bd3 0-0 7. c3 b6 8. Ne5 Bb7 9. f4 c5 10. Qf3 Re8 11. 0-0 Nf8 12. Qh3 Ng6 13. Rae1 Ne4 14. Bxe7 Qxe7 15. Nxe4 dxe4 16. Bb5 Red8 17. Rf2 f5 18. Qh5 cxd4 19. exd4 Nxe5 20. fxe5 Qf7 21. Qh4 Rf8 22. Rf4 h6 23. Rf2 f4 24. Ba4 e3 25. Rxe3 fxe3 26. Rxf7 Rxf7 27. Qe1 Raf8 28. Bb5 Rf2 29. Bf1 e2 30. Qxf2 exf1Q+ 31. Qxf1 Rxf1+ 32. Kxf1 Kf7 33. g3 Kg6 34. Kf2 Kf5 35. c4 Ke4 36. d5 Kxe5 37. dxe6 Kxe6 38. Ke3 Ke5 39. b3 g5 40. a3 a5 41. b4 axb4 42. axb4 g4 43. c5 bxc5 44. bxc5 Bg2 45. Kd3 Kd5 46. Ke3 Kxc5 47. Kf4 Bh3 48. Kf5 Kd4 49. Kg6 Ke3 50. Kxh6 Kf3 51. Kg5 Kg2 52. Kf5 Kxh2 53. Kf4 Kg2 54. Ke4 Kxg3 55. Ke3 Kg2 56. Ke2 g3 57. Ke3 Kf1 58. Kf4 g2 59. Kg5 g1Q+ 60. Kf6 Qg4 61. Ke5 Qe6+ 62. Kd4 Ke2 63. Kc5 Qd7 64. Kb6 Kd3 65. Kc5 Be6 66. Kb6 Qc8 67. Kb5 Bd7+ 68. Kb6 Kd4 69. Ka7 Qc7+ 70. Ka8 Bc6# 0-1

[Event "Chihuahua Bionext op"]
[Site "Chihuahua City"]
[Date "2019.11.29"]
[Round "2"]
[White "Rojas Quevedo, Luis Enriqu"]
[Black "Hernandez, Alexander"]
[Result "0-1"]
[WhiteElo "1795"]
[BlackElo "2135"]
[PlyCount "56"]
[EventDate "2019.11.28"]
[EventType "swiss"]
[EventRounds "7"]
[EventCountry "MEX"]
[SourceTitle "CBM 193 Extra"]
[Source "ChessBase"]
[SourceDate "2020.01.31"]
[SourceVersion "1"]
[SourceVersionDate "2020.01.31"]
[SourceQuality "1"]

1. e4 c5 2. Nf3 d6 3. d4 cxd4 4. Nxd4 Nf6 5. Nc3 a6 6. Bg5 e6 7. f4 Nbd7 8. Qf3 Qc7 9. g4 Be7 10. 0-0-0 h6 11. Bxf6 gxf6 12. f5 Ne5 13. Qh3 Bd7 14. Nce2 Rc8 15. Nf4 d5 16. fxe6 Bxe6 17. Nfxe6 fxe6 18. exd5 Bc5 19. c3 Bxd4 20. Rxd4 Qc5 21. g5 f5 22. Qe3 Ng4 23. Qxe6+ Kd8 24. Kb1 Re8 25. Qxf5 Re1+ 26. Kc2 Ne3+ 27. Kd2 Nxf5 28. gxh6 Nxd4 0-1

[Event "Oranjestad Aruba Challenge op"]
[Site "Oranjestad"]
[Date "2016.10.07"]
[Round "3.1"]
[White "Hernandez, Alexander"]
[Black "Pautt Andrade, Jose Gregorio"]
[Result "1/2-1/2"]
[WhiteElo "2241"]
[BlackElo "2102"]
[PlyCount "79"]
[EventDate "2016.10.06"]
[EventType "swiss"]
[EventRounds "7"]
[EventCountry "ARN"]
[SourceTitle "EXT 2024"]
[Source "ChessBase"]
[SourceDate "2023.10.10"]
[SourceVersion "1"]
[SourceVersionDate "2023.10.10"]
[SourceQuality "1"]

1. e4 c6 2. d4 d5 3. e5 Bf5 4. Nf3 e6 5. Be2 Nd7 6. 0-0 Ne7 7. Na3 h6 8. c4 a6 9. Bd2 g5 10. Bb4 Bg6 11. Qb3 Qb6 12. Qc3 a5 13. Bd6 Nf5 14. c5 Qb4 15. Bxf8 Nxf8 16. Qxb4 axb4 17. Nc2 Ng3 18. hxg3 Bxc2 19. Rfc1 Bf5 20. Ne1 Ke7 21. g4 Be4 22. Bd3 Bg6 23. g3 Ra5 24. f4 gxf4 25. gxf4 Rg8 26. Kf2 Bxd3 27. Nxd3 Rxg4 28. Rh1 Nd7 29. Kf3 Rg6 30. Nxb4 Ra8 31. Rag1 Rh8 32. Nc2 h5 33. Ne3 Rhg8 34. Rg2 Ra8 35. a3 Ra4 36. Rd2 Rh6 37. Nc2 Rc4 38. Ne3 Ra4 39. Nc2 Rc4 40. Ne3 1/2-1/2

[Event "Abu Dhabi op 23rd"]
[Site "Abu Dhabi"]
[Date "2015.08.24"]
[Round "2"]
[White "Onischuk, Vladimir"]
[Black "Hernandez, Alexander"]
[Result "1-0"]
[WhiteElo "2618"]
[BlackElo "2302"]
[PlyCount "63"]
[EventDate "2015.08.23"]
[EventType "swiss"]
[EventRounds "9"]
[EventCountry "UAE"]
[SourceTitle "EXT 2016"]
[Source "ChessBase"]
[SourceDate "2015.10.08"]
[SourceVersion "1"]
[SourceVersionDate "2015.10.08"]
[SourceQuality "1"]

1. e4 c5 2. Nf3 d6 3. d4 cxd4 4. Nxd4 Nf6 5. Nc3 a6 6. Be2 e5 7. Nb3 Be7 8. Bg5 Nbd7 9. a4 0-0 10. 0-0 h6 11. Bh4 Qc7 12. Nd2 b6 13. Bc4 Bb7 14. Qe2 Rfe8 15. Rfd1 Qb8 16. Bxf6 Nxf6 17. Bb3 Bc6 18. Qc4 Qb7 19. Qxf7+ Kh8 20. Nd5 Rf8 21. Qxe7 Bxd5 22. Qxb7 Bxb7 23. f3 d5 24. exd5 Bxd5 25. Bxd5 Nxd5 26. Nc4 Rfc8 27. Nd6 Rc5 28. Ne4 Ne3 29. Nxc5 Nxd1 30. Rxd1 bxc5 31. Rd5 Rb8 32. Rxe5 1-0

[Event "Caracas"]
[Site "Caracas"]
[Date "2014.11.07"]
[Round "2"]
[White "Hernandez, Alexander"]
[Black "Blanco Ronquillo, Humberto L"]
[Result "1/2-1/2"]
[WhiteElo "2273"]
[BlackElo "2440"]
[PlyCount "88"]
[EventDate "2014.11.06"]
[EventType "tourn"]
[EventRounds "9"]
[EventCountry "VEN"]
[EventCategory "8"]
[SourceTitle "EXT 2015"]
[Source "ChessBase"]
[SourceDate "2014.11.20"]
[SourceVersion "1"]
[SourceVersionDate "2014.11.20"]
[SourceQuality "1"]

1. e4 c5 2. Nf3 Nc6 3. d4 cxd4 4. Nxd4 e6 5. c4 Qc7 6. Nc3 d6 7. Be2 Nf6 8. 0-0 Be7 9. Nc2 0-0 10. Ne3 Ne5 11. f4 Ng6 12. g3 b6 13. h4 Rd8 14. h5 Nf8 15. Bf3 Bb7 16. Qe2 a6 17. Qg2 h6 18. Bd2 Rac8 19. Rac1 Qb8 20. g4 N6h7 21. Ne2 b5 22. cxb5 axb5 23. Nd4 Nd7 24. Ba5 Re8 25. Nxb5 Ba6 26. a4 Nc5 27. Rfd1 Bxb5 28. axb5 Qa7 29. b4 Na4 30. Qf2 Nc3 31. b6 Qb8 32. Re1 d5 33. exd5 Qxf4 34. b7 Bh4 35. Qxh4 Ne2+ 36. Kg2 Ng5 37. Bxe2 Rxc1 38. Rxc1 Qxe3 39. Rc8 Qxe2+ 40. Qf2 Qxg4+ 41. Qg3 Qe2+ 42. Qf2 Qg4+ 43. Qg3 Qe2+ 44. Qf2 Qg4+ 1/2-1/2